000 00716cam a2200205 a 4500
035 _aBIIH003696
600 1 4 _aDíaz, Porfirio, Presidente de México
651 4 _aMéxico
_xHistoria
_xRepublica liberal,
_y1867-1911
001 BIIH003696
008 s1998 mx spa
020 _a9688593478
050 0 0 _aF1233 .5
_bD65 1998
245 0 0 _aDon Porfirio presidente ... , Nunca omnipotente, hallazgos, reflexiones y debates 1876-1911 /
_cRomana Falcon, Raymond Buve, comp.
260 _aMéxico :
_bUIA, Departamento de Historia,
_c1998
300 _a572 p. ;
_c21 cm.
500 _a3 ejemplares
700 1 _aFalcon, Romana, comp.
700 1 _aBuve, Raymond, comp.
942 _2lcc
_cLIB
999 _c79661
_d79661